|
|
|
|
| LEADER |
00670nam a22001811a 4500 |
| 020 |
|
|
|a 9780631163565
|c 0.00
|
| 040 |
|
|
|a SSUS - Library - Kalady
|
| 082 |
|
|
|a 809.892 87
|b LIN/G
|
| 100 |
|
|
|a Linda Kauffman (ed.)
|
| 245 |
|
|
|a Gender and theory : dialogues on feminist criticism
|h [Text]
|
| 260 |
|
|
|a Oxford
|b Basil Blackwell
|c 1989
|
| 300 |
|
|
|a 258p.
|
| 600 |
|
|
|a Feminist Literary Studies
|
| 600 |
|
|
|a Literary Criticism
|
| 852 |
|
|
|h 809.892 87
|i LIN/G
|p 034707
|9 1746.50
|t 0
|
| 942 |
|
|
|c BK
|
| 999 |
|
|
|c 15721
|d 15721
|
| 952 |
|
|
|0 0
|1 0
|4 0
|6 809_892000000000000_87_LIN_G
|7 0
|9 22287
|a SSUS
|b SSUS
|d 2015-01-08
|g 1746.50
|l 4
|o 809.892 87 LIN/G
|p 034707
|r 2018-10-05
|s 2018-08-04
|v 0.00
|w 2015-01-08
|y BK
|